000 00289nam a22001337a 4500
003 SGT
082 _a615.538
_bA17A
100 _aACHAL, AYODHYA PRASHD
245 _aAGADA TANTRA
260 _aVARANSI
_bCHAUKHAMBHA PUB
_c2017
300 _a223
650 _aAYURVEDA
942 _2ddc
_cBK
_0197
999 _c11509
_d11509